| 000 | 01217nam0a2200289 i 4500 | ||
|---|---|---|---|
| 001 | RU\NLR\BIBL_A\010688158 | ||
| 005 | 20241104153843.0 | ||
| 010 |
_a9785945000896 _9500 |
||
| 035 | _a(NLR Aleph) 010688158 | ||
| 090 |
_a9672731 _c9672731 |
||
| 100 | _a20150303d2015 um y0rusy50 ca | ||
| 101 | 0 | _arus | |
| 102 | _aRU | ||
| 105 | _ay|||z|||000yy | ||
| 200 | 1 |
_aВозрождение ленинградской индустрии, 1945- начало 1950-х гг. _fА.З. Ваксер |
|
| 210 |
_aСанкт-Петербург _cОстров _d2015 |
||
| 215 |
_a255, [1] с. _d21 |
||
| 320 | _aБиблиогр. в подстроч. примеч. | ||
| 606 | 1 |
_aПромышленность _xВосстановление _yЛенинград, город _92243499 _3RU\NLR\AUTH\6601577284 |
|
| 607 |
_aЛенинград, город _xНародное хозяйство _y1945 - 1950-ые гг. _92243505 _3RU\NLR\AUTH\6601577286 |
||
| 686 | 1 | _aУ30(2)-03(2-2СПб) | |
| 686 | 1 | _aУ03(2-2СПб)723 | |
| 700 | 1 |
_aВаксер _bА.З. _cисторик _f1921- _gАлександр Завельевич _9147013 _3RU\NLR\AUTH\770147049 |
|
| 942 | _cBOOK | ||
| 980 | _aNBR | ||